| 000 | 00829nam a2200217Ia 4500 | ||
|---|---|---|---|
| 001 | 11308 | ||
| 003 | GE_BSU | ||
| 008 | 181216s||||||||xx |||||||||||||| ||und|| | ||
| 040 | _cGE_BSU | ||
| 080 | _a591.9(479.22) | ||
| 245 | _aსაქართველოს ცხოველთა სამყარო ტ.1. | ||
| 245 | _bუხერხემლო ცხოველები (უმარტივესნი და ჭიები) | ||
| 245 | _cრედ: ბ. ყურაშვილი მხატვ. გ. ნადირაძე | ||
| 260 | _aთბილისი | ||
| 260 | _bმეცნიერება | ||
| 260 | _c1965 | ||
| 300 | _a234გვ.26სმ. | ||
| 300 | _eილ. | ||
| 653 | _aსაქართველოს ცხოველთა სამყარო ტ.1. | ||
| 942 | _cBK | ||
| 999 |
_c44510 _d44510 |
||